MARC

LEADER 00000cam a22000004a 4500
001 musev2_3582
003 MdBmJHUP
005 20230905040440.0
006 m o d
007 cr||||||||nn|n
008 080625s2008 kyu o 00 0 eng d
010 |z  2008027993 
020 |a 9780813173207 
020 |z 9780813142463 
020 |z 9780813138633 
020 |z 9780813125237 
035 |a (OCoLC)609212376 
040 |a MdBmJHUP  |c MdBmJHUP 
043 |a n-usa--  |a n-usu-- 
050 0 4 |a HN79.A127  |b E55 2008 
082 0 |a 307.1/4120975  |2 22 
100 1 |a Eller, Ronald D.,  |d 1948- 
245 1 0 |a Uneven Ground :   |b Appalachia since 1945 /   |c Ronald D Eller. 
264 1 |a Lexington :  |b University Press of Kentucky,  |c 2008. 
264 3 |a Baltimore, Md. :  |b Project MUSE,   |c 2012 
264 4 |c ©2008. 
300 |a 1 online resource (392 pages):   |b ill. ; 
336 |a text  |b txt  |2 rdacontent 
337 |a computer  |b c  |2 rdamedia 
338 |a online resource  |b cr  |2 rdacarrier 
504 |a Includes bibliographical references (p. 284-297) and index. 
588 |a Description based on print version record. 
651 0 |a Appalachian Region, Southern  |x Social conditions  |y 21st century. 
651 0 |a Appalachian Region, Southern  |x Social conditions  |y 20th century. 
651 0 |a Appalachian Region, Southern  |x Economic conditions. 
651 0 |a Appalachian Region, Southern  |x Rural conditions. 
650 0 |a Rural poor  |z Appalachian Region, Southern  |x History. 
650 0 |a Poverty  |z Appalachian Region, Southern  |x History. 
650 0 |a Rural development  |z Appalachian Region, Southern  |x History. 
655 7 |a Electronic books.   |2 local 
710 2 |a Project Muse.  |e distributor 
830 0 |a Book collections on Project MUSE. 
856 4 0 |z Texto completo  |u https://projectmuse.uam.elogim.com/book/3582/ 
945 |a Project MUSE - Custom Collection 
945 |a Project MUSE - Archive Complete Foundation 
945 |a Project MUSE - Archive US Regional Studies, South Foundation